Red Book: 2024-2027 Report of the Committee on Infectious Diseases / (Record no. 99121)

MARC details
000 -LEADER
fixed length control field 02338cam a22004937i 4500
003 - CONTROL NUMBER IDENTIFIER
control field URS
005 - DATE AND TIME OF LATEST TRANSACTION
control field 20260408092700.0
008 - FIXED-LENGTH DATA ELEMENTS--GENERAL INFORMATION
fixed length control field 250124t20242024ilu 000 0 eng d
020 ## - INTERNATIONAL STANDARD BOOK NUMBER
International Standard Book Number 978-1-61002-734-2
040 ## - CATALOGING SOURCE
Language of cataloging English
Description conventions rda
Transcribing agency URS
041 0# - LANGUAGE CODE
Language code of text/sound track or separate title eng
050 00 - LIBRARY OF CONGRESS CALL NUMBER
Classification number RJ401
Item number .R2458 2024
082 04 - DEWEY DECIMAL CLASSIFICATION NUMBER
Classification number 618.92/9
110 2# - MAIN ENTRY--CORPORATE NAME
Corporate name or jurisdiction name as entry element American Academy of Pediatrics.
Subordinate unit Committee on Infectious Diseases,
Relator term author,
-- publisher.
245 10 - TITLE STATEMENT
Title Red Book: 2024-2027 Report of the Committee on Infectious Diseases /
Statement of responsibility, etc David W. Kimberlin...[and four others].
250 ## - EDITION STATEMENT
Edition statement 33rd Edition.
264 #4 - PUBLICATION, DISTRIBUTION, ETC. (IMPRINT)
Date of publication, distribution, etc Elk Grove Village, IL :
Place of publication, distribution, etc American Academy of Pediatrics,
Name of publisher, distributor, etc ©2024.
300 ## - PHYSICAL DESCRIPTION
Extent x,lix, 1261 pages :
Other physical details black and white illustrations ;
Dimensions 23 cm.
336 ## - CONTENT TYPE
Content type term text
Content type code txt
Source rdacontent
336 ## - CONTENT TYPE
Content type term still image
Content type code sti
Source rdacontent
337 ## - MEDIA TYPE
Media type term unmediated
Media type code n
Source rdamedia
338 ## - CARRIER TYPE
Carrier type term volume
Carrier type code nc
Source rdacarrier
504 ## - BIBLIOGRAPHY, ETC. NOTE
Bibliography, etc Includes bibliographical references and index.
520 ## - SUMMARY, ETC.
Summary, etc "For more than 85 years health care professionals have “referred to the Red Book” for trustworthy guidance on pediatric infectious disease prevention, management, and control. Find the latest information about vaccines, emerging novel diseases, diagnostic modalities, and treatment recommendations from the combined expertise of the CDC, the FDA, the NIH, and hundreds of physician contributors. Red Book guidance spans far beyond the pediatric practice to include family medicine, emergency medicine, public health, school health, and other medical specialties." -
Assigning source Amazon.com
650 #0 - SUBJECT ADDED ENTRY--TOPICAL TERM
Topical term or geographic name as entry element Communicable diseases.
650 #0 - SUBJECT ADDED ENTRY--TOPICAL TERM
Topical term or geographic name as entry element Family medicine.
650 #0 - SUBJECT ADDED ENTRY--TOPICAL TERM
Topical term or geographic name as entry element Pediatrics.
650 #0 - SUBJECT ADDED ENTRY--TOPICAL TERM
Topical term or geographic name as entry element Communicable diseases in children.
650 #0 - SUBJECT ADDED ENTRY--TOPICAL TERM
Topical term or geographic name as entry element Communicable diseases
General subdivision Prevention.
650 #2 - SUBJECT ADDED ENTRY--TOPICAL TERM
Topical term or geographic name as entry element Communicable Diseases
650 #2 - SUBJECT ADDED ENTRY--TOPICAL TERM
Topical term or geographic name as entry element Family Practice
650 #2 - SUBJECT ADDED ENTRY--TOPICAL TERM
Topical term or geographic name as entry element Pediatrics
650 #6 - SUBJECT ADDED ENTRY--TOPICAL TERM
Topical term or geographic name as entry element Maladies infectieuses.
650 #6 - SUBJECT ADDED ENTRY--TOPICAL TERM
Topical term or geographic name as entry element Médecine familiale.
650 #6 - SUBJECT ADDED ENTRY--TOPICAL TERM
Topical term or geographic name as entry element Pédiatrie.
650 #6 - SUBJECT ADDED ENTRY--TOPICAL TERM
Topical term or geographic name as entry element Maladies infectieuses chez l'enfant.
650 #6 - SUBJECT ADDED ENTRY--TOPICAL TERM
Topical term or geographic name as entry element Maladies infectieuses
General subdivision Prévention.
700 1# - ADDED ENTRY--PERSONAL NAME
Personal name Kimberlin, David W.,
Relator term editor.
700 1# - ADDED ENTRY--PERSONAL NAME
Personal name Banerjee, Ritu,
Titles and other words associated with a name (Professor of pediatrics),
Relator term editor.
700 1# - ADDED ENTRY--PERSONAL NAME
Personal name Barnett, Elizabeth D.,
Fuller form of name (Elizabeth Day),
Relator term editor.
700 1# - ADDED ENTRY--PERSONAL NAME
Personal name Lynfield, Ruth,
Relator term editor.
700 1# - ADDED ENTRY--PERSONAL NAME
Personal name Sawyer, Mark H.,
Relator term editor.
942 ## - ADDED ENTRY ELEMENTS (KOHA)
Source of classification or shelving scheme Library of Congress Classification
Koha item type Reserved Books
Holdings
Withdrawn status Lost status Source of classification or shelving scheme Damaged status Not for loan Collection code Home library Current library Shelving location Date acquired Source of acquisition Cost, normal purchase price Total Checkouts Full call number Barcode Date last seen Copy number Cost, replacement price Price effective from Koha item type
    Library of Congress Classification     Non-fiction Taytay College Library Taytay College Library Medicine Collection 03/20/2026 Purchased 21249.00   RJ401 .R2458 2024 URSTAY-6095 03/20/2026 1 21249.00 03/20/2026 Reserved Books

University of Rizal System
Email us at univlibservices@urs.edu.ph

Visit our Website www.urs.edu.ph/library